[Event "Tema op 7th"]
[Site "Tema"]
[Date "2022.01.08"]
[Round "3"]
[White "Tsatsu, Arnold"]
[Black "Victor, M Nyepon"]
[Result "1-0"]
[WhiteElo "1567"]
[BlackElo "1415"]
[PlyCount "61"]
[EventDate "2022.01.07"]
[EventType "swiss"]
[EventRounds "7"]
[EventCountry "GHA"]
[SourceTitle "EXT 2023"]
[Source "ChessBase"]
[SourceDate "2022.10.05"]
[SourceVersion "1"]
[SourceVersionDate "2022.10.05"]
[SourceQuality "1"]

1. d4 d5 2. Nc3 c6 3. Nf3 h6 4. Bf4 Nd7 5. e3 Ngf6 6. Bd3 Nh5 7. Bg3 Nxg3 8. hxg3 e6 9. Qd2 c5 10. 0-0-0 cxd4 11. Nxd4 Bb4 12. Nde2 Ne5 13. f4 Ng4 14. Rdf1 Bc5 15. Nd4 Bd7 16. Qe2 f5 17. Bb5 0-0 18. Na4 Bxd4 19. exd4 Rc8 20. Nc5 Bxb5 21. Qxb5 Rc6 22. Qxb7 Qd6 23. Re1 Rf6 24. Re2 a6 25. Rhe1 Rb6 26. Rxe6 Rxb7 27. Rxd6 Rxd6 28. Nxb7 Rc6 29. Nc5 Nf6 30. Re6 Rxe6 31. Nxe6 1-0